| 000 | 00437 a2200157 4500 | ||
|---|---|---|---|
| 003 | NUST | ||
| 005 | 20230221131948.0 | ||
| 040 | _cNust | ||
| 082 | _a297.122,NAS | ||
| 100 |
_aNaseer u Din Syed _9109341 |
||
| 245 |
_aAl Baqiyat -al- Salihat / الباقیات الصالحات Urdu) / _c Brg Syed naseeruddin |
||
| 260 |
_aRawalpindi _bGHQ _c1982 |
||
| 300 | _a120:p. | ||
| 650 |
_aQuran Verses _9109342 |
||
| 942 |
_2ddc _cBK _k297.122,NAS |
||
| 999 |
_c187639 _d187639 |
||